| 000 | 00799nam a22002417a 4500 | ||
|---|---|---|---|
| 003 | UA-OsUOA | ||
| 001 | 46747 | ||
| 007 | ta | ||
| 008 | 20120510b un ||||| |||| 00| 0 ukr d | ||
| 100 | _aКниш І. | ||
| 090 |
_a929 _bК53 |
||
| 942 | _cBK | ||
| 040 |
_aUA-OsUOA _bukr _cUA-OsUOA _dUA-OsUOA |
||
| 245 |
_aТри ровесниці 1860-1960 _bДо історії народин Уляни Кравченко, Марії Башкірцев, Марії Заньковецької |
||
| 300 | _a320 с. | ||
| 955 | _a4 | ||
| 041 | _aukr | ||
| 080 | _a929 | ||
| 260 | _aВінніпег | ||
| 650 | 7 |
_a9 Географія. Біографії. Історія _2UDC |
|
| 999 |
_c426850 _d426850 |
||